header

God and government in an 'age of reason' (Record no. 71812)

MARC details
000 -LEADER
fixed length control field 01288nam a2200325Ia 4500
082 04 - DEWEY DECIMAL CLASSIFICATION NUMBER
Classification number 322/.1/09033
100 1# - MAIN ENTRY--AUTHOR NAME
Personal name Nicholls, David,
245 10 - TITLE STATEMENT
Title God and government in an 'age of reason'
260 ## - PUBLICATION, DISTRIBUTION, ETC. (IMPRINT)
Place of publication London ;
-- New York :
Name of publisher Routledge,
Year of publication 1995.
300 ## - PHYSICAL DESCRIPTION
Number of Pages xi, 278 p.
650 #0 - SUBJECT ADDED ENTRY--TOPICAL TERM
Topical Term Christianity and politics
Topical Term Church and state
Topical Term Image of God
856 40 - ELECTRONIC LOCATION AND ACCESS
Uniform Resource Identifier http://site.ebrary.com/lib/rucke/Doc?id=10057619

No items available.

© 2026 Rongo University
Contact us: librarian | system librarian | Rongo university